<?xml version="1.0" encoding="UTF-8"?><?xml-stylesheet type="text/xsl" href="static/style.xsl"?><OAI-PMH xmlns="http://www.openarchives.org/OAI/2.0/" xmlns:xsi="http://www.w3.org/2001/XMLSchema-instance" xsi:schemaLocation="http://www.openarchives.org/OAI/2.0/ http://www.openarchives.org/OAI/2.0/OAI-PMH.xsd"><responseDate>2026-06-01T12:18:24Z</responseDate><request verb="GetRecord" identifier="oai:riuma.uma.es:10630/31182" metadataPrefix="marc">https://riuma.uma.es/rest/oai/request</request><GetRecord><record><header><identifier>oai:riuma.uma.es:10630/31182</identifier><datestamp>2026-02-03T11:35:44Z</datestamp><setSpec>com_10630_2254</setSpec><setSpec>col_10630_37953</setSpec></header><metadata><record xmlns="http://www.loc.gov/MARC21/slim" xmlns:dcterms="http://purl.org/dc/terms/" xmlns:doc="http://www.lyncode.com/xoai" xmlns:xsi="http://www.w3.org/2001/XMLSchema-instance" xsi:schemaLocation="http://www.loc.gov/MARC21/slim http://www.loc.gov/standards/marcxml/schema/MARC21slim.xsd">
   <leader>00925njm 22002777a 4500</leader>
   <datafield ind2=" " ind1=" " tag="042">
      <subfield code="a">dc</subfield>
   </datafield>
   <datafield ind2=" " ind1=" " tag="720">
      <subfield code="a">Gutiérrez Barranquero, José Antonio</subfield>
      <subfield code="e">author</subfield>
   </datafield>
   <datafield ind2=" " ind1=" " tag="720">
      <subfield code="a">Arrebola-Díez, Eva María</subfield>
      <subfield code="e">author</subfield>
   </datafield>
   <datafield ind2=" " ind1=" " tag="720">
      <subfield code="a">Bonilla, Nuria</subfield>
      <subfield code="e">author</subfield>
   </datafield>
   <datafield ind2=" " ind1=" " tag="720">
      <subfield code="a">Sarmiento, David</subfield>
      <subfield code="e">author</subfield>
   </datafield>
   <datafield ind2=" " ind1=" " tag="720">
      <subfield code="a">Cazorla-López, Francisco Manuel</subfield>
      <subfield code="e">author</subfield>
   </datafield>
   <datafield ind2=" " ind1=" " tag="720">
      <subfield code="a">De-Vicente-Moreno, Antonio</subfield>
      <subfield code="e">author</subfield>
   </datafield>
   <datafield ind2=" " ind1=" " tag="260">
      <subfield code="c">2011-11-22</subfield>
   </datafield>
   <datafield ind2=" " ind1=" " tag="520">
      <subfield code="a">Bacterial apical necrosis (BAN), caused by the bacterium Pseudomonas syringae pv. syringae (Pss), is currently the most&#xd;
limiting disease affecting the mango crop in the Mediterranean area. The copper-based compound Bordeaux mixture (BM)&#xd;
is considered to be the conventional treatment against BAN, but it does not act as a bactericide. Alternative experimental&#xd;
treatments to BM that are compatible with organic farming were tested for their ability to control BAN disease. Field trials&#xd;
were conducted over six seasons in different mango orchards with natural infestation of Pss. The experimental treatments&#xd;
included applications of Silicon gel (a commercial formulation of aqueous potassium silicate), dicalcium phosphate,&#xd;
Kaolinite, and Ulmasud B  (bentonite, powder); BMwas applied as the conventional treatment. During the first two seasons&#xd;
(small-scale trial, 2002–2004), all these experimental compounds were applied in order to select those treatments providing&#xd;
the greatest reduction of BAN symptoms. In the next three seasons (2005–2008), a semi-commercial scale trial was carried&#xd;
out with the best-performing treatments, resulting in the selection of Silicon gel. Finally, Silicon gel was tested in a commercial&#xd;
scale trial during the last season (2008–2009). Trees treated with Silicon gel showed significantly fewer necrotic buds&#xd;
and leaves, reaching disease levels very similar to those using the conventional treatment with BM. However, minor&#xd;
differences in P. syringae-like population levels were observed, as has been described in previous studies. The possible mode&#xd;
of action of the Silicon gel is discussed. Currently, the Silicon gel compound is undergoing the registration process for its&#xd;
commercial use in mango management in Spain.</subfield>
   </datafield>
   <datafield ind1="8" ind2=" " tag="024">
      <subfield code="a">Gutierrez-Barranquero JA, Arrebola E, Bonilla N, Sarmieto D, Cazorla FM, de Vicente A. 2012. Environmentally friendly treatment alternatives to Bordeaux mixture for controlling bacterial apical necrosis (BAN) of mango. Plant Pathology 61:665-676</subfield>
   </datafield>
   <datafield ind1="8" ind2=" " tag="024">
      <subfield code="a">https://hdl.handle.net/10630/31182</subfield>
   </datafield>
   <datafield ind1="8" ind2=" " tag="024">
      <subfield code="a">10.1111/j.1365-3059.2011.02559.x</subfield>
   </datafield>
   <datafield tag="653" ind2=" " ind1=" ">
      <subfield code="a">Bacterias fitopatógenas</subfield>
   </datafield>
   <datafield tag="653" ind2=" " ind1=" ">
      <subfield code="a">Mangos - Enfermedades y plagas</subfield>
   </datafield>
   <datafield tag="653" ind2=" " ind1=" ">
      <subfield code="a">Agentes de control biológico de plagas</subfield>
   </datafield>
   <datafield ind2="0" ind1="0" tag="245">
      <subfield code="a">Environmentally friendly treatment alternatives to Bordeaux mixture for controlling bacterial apical necrosis (BAN) of mango.</subfield>
   </datafield>
</record>
</metadata></record></GetRecord></OAI-PMH>